Directorio de centros de documentación y bibliotecas especializadas
ISBN:
84-369-1347-2
Publicado:
Madrid :
[Ministerio de Educación y Ciencia], Dirección General de Investigación Científica y Técnica, DL. 1987
Descripción Física:
525 p. ; 30 cm
MARC
| LEADER | 00000nam a2200000Ia 4500 | ||
|---|---|---|---|
| 001 | 13054 | ||
| 008 | 160829s9999 xx 000 0 cat d | ||
| 020 | |a 84-369-1347-2 | ||
| 080 | |a A-2-94 | ||
| 245 | |a Directorio de centros de documentación y bibliotecas especializadas | ||
| 260 | |a Madrid : |b [Ministerio de Educación y Ciencia], Dirección General de Investigación Científica y Técnica, DL. 1987 | ||
| 300 | |a 525 p. ; |c 30 cm | ||
| 650 | |a Serveis d'informació |x Espanya |x Directoris |9 31559 | ||
| 650 | |a Biblioteques especialitzades |x Espanya |x Directoris |9 31560 | ||
| 700 | |a Espanya. Dirección General de Investigación Científica i Técnica |9 31561 | ||
| 901 | |a Arxiu | ||
| 942 | |n 1 | ||
| 952 | |0 0 |1 0 |4 0 |6 A294 |7 1 |9 45669 |a Arxiu |b Arxiu |d 2016-12-01 |l 0 |o A-2-94 |p 13054 |r 2016-12-01 00:00:00 |w 2016-12-01 |y ARXIU | ||
| 999 | |c 49169 |d 49169 | ||